[Event "Trieste op 25th"]
[Site "Trieste"]
[Date "2023.09.05"]
[Round "5"]
[White "Murphy, Conor"]
[Black "Bardone, Lorenzo"]
[Result "1-0"]
[WhiteElo "2468"]
[BlackElo "2217"]
[PlyCount "49"]
[EventDate "2023.09.02"]
[EventType "swiss"]
[EventRounds "9"]
[EventCountry "ITA"]
[SourceTitle "EXT 2024"]
[Source "ChessBase"]
[SourceDate "2023.10.10"]
[SourceVersion "1"]
[SourceVersionDate "2023.10.10"]
[SourceQuality "1"]

1. e4 c6 2. d4 d5 3. e5 Bf5 4. Nf3 e6 5. Be2 c5 6. c3 Nc6 7. 0-0 cxd4 8. Nxd4 Nge7 9. Bb5 Bxb1 10. Rxb1 a6 11. Ba4 b5 12. Bc2 Nxd4 13. cxd4 Nf5 14. g4 Nh4 15. f4 h5 16. f5 hxg4 17. fxe6 fxe6 18. Qxg4 Qb6 19. Bg5 Nf5 20. Bxf5 exf5 21. Qxf5 Qxd4+ 22. Rf2 Qa7 23. Qe6+ Be7 24. Bxe7 Qxe7 25. Qc6+ 1-0

[Event "Palmanova op 11th"]
[Site "Palmanova"]
[Date "2022.12.10"]
[Round "5"]
[White "Bardone, Lorenzo"]
[Black "Piangerelli, Michele"]
[Result "1/2-1/2"]
[WhiteElo "2215"]
[BlackElo "2041"]
[PlyCount "97"]
[EventDate "2022.12.08"]
[EventType "swiss"]
[EventRounds "6"]
[EventCountry "ITA"]
[SourceTitle "CBM 211 Extra"]
[Source "ChessBase"]
[SourceDate "2023.01.31"]
[SourceVersion "1"]
[SourceVersionDate "2023.01.31"]
[SourceQuality "1"]

1. d4 d5 2. c4 c6 3. Nf3 Nf6 4. g3 e6 5. Bg2 dxc4 6. 0-0 Nbd7 7. a4 Be7 8. Qc2 0-0 9. Qxc4 a5 10. Nc3 Nb6 11. Qb3 Nbd5 12. Rd1 Qc7 13. Bg5 h6 14. Bxf6 Bxf6 15. e4 Nxc3 16. Qxc3 Rd8 17. e5 Be7 18. Nd2 Bb4 19. Qc4 Bd7 20. Nb3 Rac8 21. Nc5 Be8 22. Rac1 Bxc5 23. Qxc5 b6 24. Qc3 c5 25. b3 Bc6 26. Bxc6 Qxc6 27. dxc5 Rxd1+ 28. Rxd1 Qxc5 29. Qxc5 Rxc5 30. Rd8+ Kh7 31. Rb8 Rc6 32. g4 Kg6 33. Rb7 Kg5 34. Rxf7 Kxg4 35. Rxg7+ Kf5 36. Rg3 Kxe5 37. Rh3 Rc1+ 38. Kg2 Rb1 39. Rh5+ Kd6 40. Rb5 Kc6 41. h4 Rc1 42. Re5 Kd6 43. Rb5 Kc6 44. b4 Rc4 45. bxa5 bxa5 46. Rxa5 Rxh4 47. Kg3 Rd4 48. f4 h5 49. Rxh5 1/2-1/2

[Event "Trieste op 24th"]
[Site "Trieste"]
[Date "2022.09.04"]
[Round "2"]
[White "Bardone, Lorenzo"]
[Black "Brunello, Sabino"]
[Result "1-0"]
[WhiteElo "2147"]
[BlackElo "2519"]
[PlyCount "65"]
[EventDate "2022.09.03"]
[EventType "swiss"]
[EventRounds "9"]
[EventCountry "ITA"]
[SourceTitle "CBM 210 Extra"]
[Source "ChessBase"]
[SourceDate "2022.11.30"]
[SourceVersion "1"]
[SourceVersionDate "2022.11.30"]
[SourceQuality "1"]

1. d4 Nf6 2. c4 e6 3. g3 d5 4. Bg2 Bb4+ 5. Nd2 0-0 6. Ngf3 b6 7. 0-0 Bb7 8. a3 Be7 9. cxd5 exd5 10. b4 a5 11. b5 c6 12. Qa4 cxb5 13. Qxb5 Ba6 14. Qb2 Bxe2 15. Re1 Ba6 16. Ne5 Bb7 17. Ndc4 Nbd7 18. Bg5 Rb8 19. Nxd7 Qxd7 20. Nxb6 Qd8 21. Na4 Ba6 22. Qc2 h6 23. Bf4 Rc8 24. Qb2 Rc6 25. Rac1 Bc4 26. Qb7 Re6 27. Rxe6 fxe6 28. Nc5 Rf7 29. Qc6 g5 30. Be5 Ng4 31. Nxe6 Nxe5 32. dxe5 Qb8 33. Bxd5 1-0

[Event "Cattolica Vergani Cup"]
[Site "Cattolica"]
[Date "2021.12.28"]
[Round "5"]
[White "Siddharth, Jagadeesh"]
[Black "Bardone, Lorenzo"]
[Result "1/2-1/2"]
[WhiteElo "2340"]
[BlackElo "2130"]
[PlyCount "63"]
[EventDate "2021.12.26"]
[EventType "swiss"]
[EventRounds "9"]
[EventCountry "ITA"]
[SourceTitle "EXT 2023"]
[Source "ChessBase"]
[SourceDate "2022.10.05"]
[SourceVersion "1"]
[SourceVersionDate "2022.10.05"]
[SourceQuality "1"]

1. Nf3 d5 2. d4 Nf6 3. c4 e6 4. Nc3 Be7 5. Bf4 0-0 6. e3 Nbd7 7. c5 c6 8. h3 b6 9. b4 a5 10. a3 h6 11. Bd3 Ba6 12. Bxa6 Rxa6 13. 0-0 Qa8 14. Rb1 axb4 15. axb4 Qb7 16. Qc2 Rfa8 17. Nd2 b5 18. Nb3 Bd8 19. Qb2 Ne4 20. Nxe4 dxe4 21. Qc2 f5 22. d5 exd5 23. Nd4 Bf6 24. Nxf5 Ne5 25. Qd1 Qf7 26. f3 exf3 27. Bxe5 Bxe5 28. Qxf3 Qe6 29. Nd4 Bxd4 30. exd4 Ra3 31. Rbe1 Rxf3 32. Rxe6 1/2-1/2

[Event "Bassano del Grappa Spring op 1st"]
[Site "Bassano del Grappa"]
[Date "2021.03.14"]
[Round "4"]
[White "Bardone, Lorenzo"]
[Black "Pegno, Mattia"]
[Result "1-0"]
[WhiteElo "2174"]
[BlackElo "1930"]
[PlyCount "153"]
[EventDate "2021.03.12"]
[EventType "swiss"]
[EventRounds "5"]
[EventCountry "ITA"]
[SourceTitle "CBM 201 Extra"]
[Source "ChessBase"]
[SourceDate "2021.05.31"]
[SourceVersion "1"]
[SourceVersionDate "2021.05.31"]
[SourceQuality "1"]

1. Nf3 Nf6 2. c4 e6 3. g3 d5 4. Bg2 Be7 5. 0-0 0-0 6. d4 c6 7. Nbd2 Nbd7 8. Qc2 b6 9. e4 Bb7 10. e5 Ne8 11. cxd5 cxd5 12. Re1 Rc8 13. Qa4 a5 14. Nf1 Ba6 15. Bd2 Nc7 16. h4 Bd3 17. Rac1 Ra8 18. N1h2 b5 19. Qd1 Bg6 20. Bg5 Nb6 21. Bf1 h6 22. Bxe7 Qxe7 23. Bd3 Bxd3 24. Qxd3 Rfc8 25. Ng4 b4 26. Kg2 Ne8 27. b3 Qb7 28. Qd2 Nd7 29. h5 Rxc1 30. Rxc1 Rc8 31. Ne1 Rxc1 32. Qxc1 Qc7 33. Nd3 Qxc1 34. Nxc1 Nc7 35. Kf3 Nb5 36. Ke3 Nb8 37. Kd3 Nc6 38. Ne2 Kf8 39. Ne3 Ke7 40. g4 f6 41. f4 Kf7 42. Ng2 g5 43. hxg6+ Kxg6 44. Nh4+ Kf7 45. Nf3 Kg6 46. Ng3 Nc3 47. a4 Nd1 48. exf6 Kxf6 49. Ne5 Nxe5+ 50. dxe5+ Kf7 51. Ke2 Nc3+ 52. Kf3 Na2 53. Ne2 Kg6 54. Nd4 Nc1 55. Ke3 h5 56. gxh5+ Kxh5 57. Kd2 Na2 58. Nxe6 Kg4 59. Nc5 Kf5 60. e6 Kf6 61. f5 Nc3 62. Kd3 Ke7 63. Kd4 Nd1 64. Kxd5 Ne3+ 65. Ke5 Ng4+ 66. Kf4 Nf2 67. Nb7 Nd3+ 68. Kg5 Nf2 69. Nxa5 Ne4+ 70. Kg6 Nc5 71. Nc6+ Ke8 72. Nd4 Ne4 73. f6 Kf8 74. Nc6 Nd6 75. a5 Nf7 76. a6 Kg8 77. a7 1-0

[Event "Bassano del Grappa Spring op 1st"]
[Site "Bassano del Grappa"]
[Date "2021.03.14"]
[Round "5"]
[White "Gola, Giorgio"]
[Black "Bardone, Lorenzo"]
[Result "0-1"]
[WhiteElo "1849"]
[BlackElo "2174"]
[PlyCount "72"]
[EventDate "2021.03.12"]
[EventType "swiss"]
[EventRounds "5"]
[EventCountry "ITA"]
[SourceTitle "CBM 201 Extra"]
[Source "ChessBase"]
[SourceDate "2021.05.31"]
[SourceVersion "1"]
[SourceVersionDate "2021.05.31"]
[SourceQuality "1"]

1. e4 c5 2. Nf3 e6 3. d4 cxd4 4. Nxd4 Nc6 5. Nc3 Qc7 6. Be3 a6 7. Qf3 Bd6 8. Nxc6 bxc6 9. Bd3 Be5 10. Bd2 Nf6 11. h3 d5 12. 0-0 Rb8 13. Rab1 0-0 14. Rfe1 d4 15. Ne2 c5 16. c3 c4 17. cxd4 Bh2+ 18. Kh1 cxd3 19. Nc3 Rd8 20. Bg5 Rxd4 21. g3 Bxg3 22. fxg3 Nd7 23. Qf2 Qd6 24. Bf4 e5 25. Be3 Rc4 26. Bd2 Bb7 27. b3 Rc7 28. Kh2 Rbc8 29. Rbc1 Nf6 30. Qf3 Qd4 31. Re3 Rxc3 32. Rxc3 Rxc3 33. Bxc3 Qxc3 34. Rxd3 Qc2+ 35. Kg1 Kf8 36. Qe3 Nxe4 0-1

[Event "Lignano Sabbiadoro op 6th"]
[Site "Lignano Sabbiadoro"]
[Date "2020.08.03"]
[Round "3"]
[White "Bardone, Lorenzo"]
[Black "Rindone, Andrea"]
[Result "1/2-1/2"]
[WhiteElo "2179"]
[BlackElo "2014"]
[PlyCount "103"]
[EventDate "2020.08.01"]
[EventType "swiss"]
[EventRounds "9"]
[EventCountry "ITA"]
[SourceTitle "EXT 2021"]
[Source "ChessBase"]
[SourceDate "2020.10.23"]
[SourceVersion "1"]
[SourceVersionDate "2020.10.23"]
[SourceQuality "1"]

1. Nf3 Nf6 2. c4 c5 3. g3 b6 4. Bg2 Bb7 5. Nc3 g6 6. 0-0 Bg7 7. d4 cxd4 8. Qxd4 d6 9. Rd1 Nbd7 10. Be3 Nc5 11. Rac1 0-0 12. Qh4 Qc8 13. Bh3 e6 14. Rxd6 Nfe4 15. Ng5 Nxg5 16. Bxg5 Bxc3 17. bxc3 Ne4 18. Rd4 Nxg5 19. Qxg5 Qc6 20. e4 f5 21. Qf4 Rae8 22. Qe5 Qc5 23. Qxc5 bxc5 24. Rd7 Bxe4 25. Bg2 Rb8 26. Rxa7 Bxg2 27. Kxg2 Ra8 28. Rxa8 Rxa8 29. Ra1 Ra3 30. Kf1 e5 31. Ke2 Kf7 32. Kd3 Ke6 33. Kc2 f4 34. Kb2 Ra5 35. gxf4 exf4 36. f3 g5 37. Rg1 Kf5 38. Rd1 Kg6 39. Rd6+ Kh5 40. Rf6 Ra7 41. Kb3 Rb7+ 42. Kc2 Ra7 43. Kb2 Rb7+ 44. Ka1 Re7 45. a3 Re1+ 46. Kb2 Re2+ 47. Kb3 Rxh2 48. a4 Rh1 49. Kb2 Rh2+ 50. Kb3 Rh1 51. Kb2 Rh2+ 52. Kb3 1/2-1/2

[Event "Arco Christmas op 10th"]
[Site "Arco"]
[Date "2019.12.27"]
[Round "3"]
[White "Bardone, Lorenzo"]
[Black "Vezzosi, Paolo"]
[Result "1-0"]
[WhiteElo "2185"]
[BlackElo "2267"]
[PlyCount "89"]
[EventDate "2019.12.26"]
[EventType "swiss"]
[EventRounds "7"]
[EventCountry "ITA"]
[SourceTitle "CBM 194 Extra"]
[Source "ChessBase"]
[SourceDate "2020.03.31"]
[SourceVersion "1"]
[SourceVersionDate "2020.03.31"]
[SourceQuality "1"]

1. Nf3 c5 2. c4 g6 3. Nc3 Bg7 4. g3 b6 5. Bg2 Bb7 6. 0-0 d6 7. d4 cxd4 8. Nxd4 Bxg2 9. Kxg2 Nf6 10. Qa4+ Nfd7 11. Be3 0-0 12. Rac1 Nc5 13. Qc2 Qd7 14. Rfd1 Nc6 15. f3 Rac8 16. Nxc6 Rxc6 17. Qd2 Bxc3 18. Qxc3 Rfc8 19. b3 Ne6 20. Qd3 Qb7 21. h4 h5 22. Kf2 Qd7 23. Rg1 Nc5 24. Qb1 Qf5 25. Qxf5 gxf5 26. g4 fxg4 27. fxg4 hxg4 28. Rxg4+ Kh7 29. Bxc5 Rxc5 30. Rcg1 Rf5+ 31. Ke3 Rf6 32. Kd4 Rc5 33. Rg7+ Kh6 34. Rg8 Kh7 35. Ra8 Ra5 36. Rgg8 Rxa2 37. h5 Kh6 38. Rg2 Kh7 39. Rgg8 Kh6 40. Rh8+ Kg5 41. Rag8+ Kf5 42. Rg2 Ke6 43. Rh2 Ra1 44. h6 Rff1 45. Rg8 1-0

[Event "Lignano Sabbiadoro op 5th"]
[Site "Lignano Sabbiadoro"]
[Date "2019.07.31"]
[Round "6"]
[White "Cocconcelli, Lorenzo"]
[Black "Bardone, Lorenzo"]
[Result "0-1"]
[WhiteElo "2068"]
[BlackElo "2177"]
[PlyCount "60"]
[EventDate "2019.07.27"]
[EventType "swiss"]
[EventRounds "9"]
[EventCountry "ITA"]
[SourceTitle "CBM 191 Extra"]
[Source "ChessBase"]
[SourceDate "2019.09.30"]
[SourceVersion "1"]
[SourceVersionDate "2019.09.30"]
[SourceQuality "1"]

1. Nf3 c5 2. c4 Nc6 3. d4 cxd4 4. Nxd4 e5 5. Nb5 a6 6. N5c3 h6 7. g3 Nf6 8. Bg2 Bc5 9. 0-0 d6 10. Nd2 Be6 11. Qa4 0-0 12. Nde4 Nxe4 13. Nxe4 Ba7 14. Rd1 Nd4 15. Rd2 b5 16. cxb5 axb5 17. Qd1 d5 18. Nc3 b4 19. Na4 Qd7 20. b3 Rac8 21. Bb2 Bg4 22. Bxd4 Bxd4 23. Rc1 Qf5 24. Rxc8 Qxf2+ 25. Kh1 Rxc8 26. h3 Qxg3 27. Rxd4 Bxh3 28. Bxh3 Qxh3+ 29. Kg1 Qe3+ 30. Kg2 exd4 0-1

[Event "Lignano Sabbiadoro op 5th"]
[Site "Lignano Sabbiadoro"]
[Date "2019.07.29"]
[Round "4"]
[White "Volodin, Aleksandr"]
[Black "Bardone, Lorenzo"]
[Result "1-0"]
[WhiteElo "2464"]
[BlackElo "2177"]
[PlyCount "91"]
[EventDate "2019.07.27"]
[EventType "swiss"]
[EventRounds "9"]
[EventCountry "ITA"]
[SourceTitle "CBM 191 Extra"]
[Source "ChessBase"]
[SourceDate "2019.09.30"]
[SourceVersion "1"]
[SourceVersionDate "2019.09.30"]
[SourceQuality "1"]

1. d4 Nf6 2. c4 g6 3. Nf3 Bg7 4. g3 d5 5. cxd5 Nxd5 6. Bg2 Nb6 7. 0-0 Nc6 8. e3 0-0 9. Nc3 e5 10. d5 Na5 11. e4 c6 12. Bg5 f6 13. Be3 cxd5 14. Bxb6 Qxb6 15. Nxd5 Qd8 16. Qa4 Bd7 17. Qb4 Rf7 18. Rfd1 Bf8 19. Qe1 Nc6 20. h3 Rc8 21. b4 b6 22. Bf1 Kh8 23. a3 Qe8 24. Kh2 Bh6 25. Ba6 Rd8 26. Bc4 Be6 27. Bb5 Bd7 28. Qc3 Rc8 29. Ba6 Rd8 30. Bc4 Be6 31. Bb5 Rc8 32. Rd3 Bd7 33. Ba6 Rd8 34. Nc7 Qe7 35. Rad1 Be8 36. Nxe8 Qxe8 37. Bb5 Rc8 38. Rd6 Rfc7 39. Rxf6 Bg7 40. Rfd6 a6 41. Bxc6 Rxc6 42. Rxc6 Rxc6 43. Rd8 Qxd8 44. Qxc6 Qf6 45. Qe8+ Bf8 46. Qxe5 1-0

[Event "Lignano Sabbiadoro op 5th"]
[Site "Lignano Sabbiadoro"]
[Date "2019.07.28"]
[Round "2"]
[White "Herega, Nejc"]
[Black "Bardone, Lorenzo"]
[Result "0-1"]
[WhiteElo "1939"]
[BlackElo "2177"]
[PlyCount "126"]
[EventDate "2019.07.27"]
[EventType "swiss"]
[EventRounds "9"]
[EventCountry "ITA"]
[SourceTitle "CBM 191 Extra"]
[Source "ChessBase"]
[SourceDate "2019.09.30"]
[SourceVersion "1"]
[SourceVersionDate "2019.09.30"]
[SourceQuality "1"]

1. d4 Nf6 2. c4 g6 3. Nc3 d5 4. cxd5 Nxd5 5. e4 Nxc3 6. bxc3 Bg7 7. Bc4 c5 8. Ne2 Nc6 9. Be3 0-0 10. 0-0 Na5 11. Bd3 b6 12. Rc1 e5 13. dxc5 Be6 14. c4 bxc5 15. Bxc5 Re8 16. Be3 Rc8 17. c5 Bf8 18. Ba6 Qxd1 19. Rfxd1 Rc7 20. Nc3 Rb8 21. Nd5 Rc6 22. Bf1 Rb2 23. Rd2 Rxd2 24. Bxd2 Nb7 25. Bg5 Bxd5 26. exd5 Rxc5 27. Rb1 Nd6 28. Rb8 Kg7 29. Ra8 Ra5 30. Be3 Rxa2 31. Rxa7 Rb2 32. g3 Nf5 33. Rc7 Bb4 34. Rb7 Bc3 35. Rxb2 Bxb2 36. Bc5 Bd4 37. Ba3 f6 38. Bc4 Kf7 39. d6+ Ke8 40. Bg8 h5 41. Be6 Ng7 42. Bc4 Bb6 43. Kf1 Kd7 44. Bb5+ Kd8 45. Bc4 g5 46. Ke2 Nf5 47. Kf3 Nd4+ 48. Ke4 Nc2 49. Bc1 Kd7 50. Kf5 Bd8 51. Bf7 Kxd6 52. Bxh5 Nd4+ 53. Ke4 f5+ 54. Kd3 Kd5 55. Bf7+ Ne6 56. Ba3 g4 57. Bg6 e4+ 58. Kd2 Nd4 59. Ke3 Bg5+ 60. f4 gxf3+ 61. Kf2 e3+ 62. Kf1 e2+ 63. Kf2 Be3+ 0-1

[Event "Biella op-A 9th"]
[Site "Biella"]
[Date "2018.09.29"]
[Round "2.2"]
[White "Damia, Angelo"]
[Black "Bardone, Lorenzo"]
[Result "1/2-1/2"]
[WhiteElo "2316"]
[BlackElo "2110"]
[PlyCount "52"]
[EventDate "2018.09.28"]
[EventType "swiss"]
[EventRounds "5"]
[EventCountry "ITA"]
[SourceTitle "EXT 2024"]
[Source "ChessBase"]
[SourceDate "2023.10.10"]
[SourceVersion "1"]
[SourceVersionDate "2023.10.10"]
[SourceQuality "1"]

1. e4 c5 2. Nf3 e6 3. d4 cxd4 4. Nxd4 Nc6 5. Nc3 Qc7 6. Be3 a6 7. a3 Nf6 8. f4 d6 9. Be2 Be7 10. 0-0 0-0 11. Qd3 Bd7 12. Rad1 Rac8 13. Nxc6 Bxc6 14. Bf3 Rfd8 15. Qe2 b5 16. Qf2 Rf8 17. Rfe1 Qb7 18. Ba7 a5 19. b4 axb4 20. axb4 Nd7 21. Bd4 Rfd8 22. Nd5 Bf8 23. Nb6 Nxb6 24. Bxb6 Re8 25. Ra1 Ra8 26. Rad1 Ra2 1/2-1/2

[Event "Lignano Sabbiadoro op 4th"]
[Site "Lignano Sabbiadoro"]
[Date "2018.07.30"]
[Round "3"]
[White "Bardone, Lorenzo"]
[Black "Mufic, Goran"]
[Result "1/2-1/2"]
[WhiteElo "2103"]
[BlackElo "2299"]
[PlyCount "93"]
[EventDate "2018.07.29"]
[EventType "swiss"]
[EventRounds "9"]
[EventCountry "ITA"]
[SourceTitle "CBM 185 Extra"]
[Source "ChessBase"]
[SourceDate "2018.07.29"]
[SourceVersion "1"]
[SourceVersionDate "2018.07.29"]
[SourceQuality "1"]

1. Nf3 d5 2. c4 e6 3. g3 Nf6 4. Bg2 Be7 5. d4 0-0 6. 0-0 c6 7. Nbd2 Nbd7 8. Qc2 b6 9. e4 Bb7 10. e5 Ne8 11. cxd5 cxd5 12. Nb1 Ba6 13. Re1 Nc7 14. Nc3 Rc8 15. Be3 Nb8 16. h4 Nb5 17. Ng5 Bxg5 18. hxg5 Nc6 19. Qd1 Qe7 20. Bf1 Nxc3 21. bxc3 Bxf1 22. Rxf1 Na5 23. Kg2 Nc4 24. Bf4 f6 25. gxf6 gxf6 26. Qg4+ Kh8 27. exf6 Rxf6 28. Qh4 Rg8 29. Rae1 Qf7 30. Be5 Nxe5 31. Rxe5 Rf3 32. Rxe6 Rf8 33. Re2 Rxc3 34. Re7 Qf3+ 35. Kg1 Qf5 36. Rxa7 Rf3 37. a4 Kg8 38. Qh2 Rd3 39. Qh4 Rd1 40. Rxd1 Qxf2+ 41. Kh1 Qf3+ 42. Kh2 Qf2+ 43. Kh3 Qf3 44. Kh2 Qf5 45. Kg1 Qf2+ 46. Kh1 Qf3+ 47. Kh2 1/2-1/2

[Event "Arco Christmas op 8th"]
[Site "Arco"]
[Date "2017.12.27"]
[Round "3"]
[White "Bardone, Lorenzo"]
[Black "Dittmar, Peter"]
[Result "0-1"]
[WhiteElo "2102"]
[BlackElo "2280"]
[PlyCount "128"]
[EventDate "2017.12.26"]
[EventType "swiss"]
[EventRounds "7"]
[EventCountry "ITA"]
[SourceTitle "CBM 182 Extra"]
[Source "ChessBase"]
[SourceDate "2018.02.23"]
[SourceVersion "1"]
[SourceVersionDate "2018.02.23"]
[SourceQuality "1"]

1. Nf3 d5 2. c4 d4 3. g3 Nc6 4. Bg2 e5 5. d3 Nf6 6. 0-0 Nd7 7. Ne1 Be7 8. Nc2 0-0 9. e4 a5 10. f4 Nc5 11. Nba3 f5 12. fxe5 Nxe5 13. Nb5 fxe4 14. Rxf8+ Bxf8 15. dxe4 d3 16. Ne3 c6 17. Nc3 Be6 18. b3 g6 19. Qd2 Bh6 20. Bb2 Qg5 21. Re1 Bh3 22. Ncd1 Bxg2 23. Qxg2 Rd8 24. Rf1 Qe7 25. Kh1 Bg7 26. Rf4 Ne6 27. Rf2 Nd4 28. Qf1 Ne2 29. Qg2 Qb4 30. Bxe5 Bxe5 31. Ng4 Bd4 32. Nh6+ Kg7 33. Rf7+ Kh8 34. Qf1 Bg7 35. Ng4 Rf8 36. Rxf8+ Qxf8 37. Qxf8+ Bxf8 38. Kg2 Nc1 39. Kf2 Bc5+ 40. Ke1 Bb4+ 41. Kf2 Nxa2 42. Ke3 Nc1 43. Ne5 Bc5+ 44. Kd2 Nxb3+ 45. Kxd3 Be7 46. Nc3 Nc5+ 47. Kd4 Kg7 48. Nf3 a4 49. e5 a3 50. g4 h6 51. Na2 Kf7 52. Nc3 Ke6 53. Na2 Bf8 54. h3 Nd7 55. Ke4 Bc5 56. Nc3 Bf2 57. h4 Nc5+ 58. Kf4 Nd3+ 59. Ke4 Nc1 60. h5 gxh5 61. gxh5 a2 62. Nxa2 Nxa2 63. Ng5+ hxg5 64. h6 Bg3 0-1

[Event "Biella op 8th"]
[Site "Biella"]
[Date "2017.09.23"]
[Round "2"]
[White "Ivanov, Sergey1111"]
[Black "Bardone, Lorenzo"]
[Result "1-0"]
[WhiteElo "2535"]
[BlackElo "2143"]
[PlyCount "71"]
[EventDate "2017.09.22"]
[EventType "swiss"]
[EventRounds "5"]
[EventCountry "ITA"]
[SourceTitle "CBM 180 Extra"]
[Source "ChessBase"]
[SourceDate "2017.10.06"]
[SourceVersion "1"]
[SourceVersionDate "2017.10.06"]
[SourceQuality "1"]

1. d4 Nf6 2. c4 g6 3. Nc3 d5 4. cxd5 Nxd5 5. e4 Nxc3 6. bxc3 Bg7 7. Nf3 c5 8. Rb1 0-0 9. Be2 cxd4 10. cxd4 Qa5+ 11. Bd2 Qxa2 12. 0-0 b6 13. Qc1 Qe6 14. Re1 Bb7 15. Bc4 Qd7 16. Bh6 Nc6 17. Bb5 a6 18. Bxg7 Kxg7 19. Ne5 Qxd4 20. Nxc6 Qd6 21. Ba4 b5 22. Na5 Rab8 23. Nxb7 Rxb7 24. Qc3+ Kg8 25. Bb3 e6 26. h4 Ra8 27. h5 Qc7 28. Qf6 Qe7 29. Qf4 a5 30. hxg6 hxg6 31. Re3 a4 32. Rh3 Qf8 33. Bxa4 Rxa4 34. Qh4 Qg7 35. Qd8+ Qf8 36. Rh8+ 1-0

[Event "Lignano Sabbiadoro op 3rd"]
[Site "Lignano Sabbiadoro"]
[Date "2017.08.05"]
[Round "8"]
[White "Kopisch, Martin"]
[Black "Bardone, Lorenzo"]
[Result "1/2-1/2"]
[WhiteElo "2138"]
[BlackElo "2155"]
[PlyCount "76"]
[EventDate "2017.07.30"]
[EventType "swiss"]
[EventRounds "9"]
[EventCountry "ITA"]
[SourceTitle "CBM 179 Extra"]
[Source "ChessBase"]
[SourceDate "2017.08.23"]
[SourceVersion "1"]
[SourceVersionDate "2017.08.23"]
[SourceQuality "1"]

1. d4 Nf6 2. Bg5 c5 3. Bxf6 gxf6 4. d5 Qb6 5. Qc1 f5 6. g3 Bg7 7. c3 d6 8. Nd2 Nd7 9. Bg2 Nf6 10. Nh3 h5 11. Qc2 Qa6 12. e3 h4 13. Nf4 hxg3 14. hxg3 Rxh1+ 15. Bxh1 Bd7 16. Bg2 0-0-0 17. a4 Kb8 18. a5 b5 19. Nf3 e5 20. dxe6 fxe6 21. Ng5 d5 22. Nf7 Rc8 23. Qe2 Ne4 24. Bxe4 fxe4 25. Qg4 Rg8 26. Kf1 Qc8 27. Qe2 Qf8 28. Ng5 Qd6 29. Ngxe6 Bxe6 30. Nxe6 Qxe6 31. Qxb5+ Ka8 32. a6 Qb6 33. Qd7 Rd8 34. Qxg7 Qxb2 35. Qb7+ Qxb7 36. axb7+ Kxb7 37. Ke2 Rf8 38. g4 Rg8 1/2-1/2

[Event "Arco Christmas op 7th"]
[Site "Arco"]
[Date "2016.12.29"]
[Round "6"]
[White "Lezzerini, Marco"]
[Black "Bardone, Lorenzo"]
[Result "0-1"]
[WhiteElo "2105"]
[BlackElo "2168"]
[PlyCount "100"]
[EventDate "2016.12.26"]
[EventType "swiss"]
[EventRounds "7"]
[EventCountry "ITA"]
[SourceTitle "CBM 176 Extra"]
[Source "ChessBase"]
[SourceDate "2017.03.02"]
[SourceVersion "1"]
[SourceVersionDate "2017.03.02"]
[SourceQuality "1"]

1. d4 Nf6 2. c4 g6 3. g3 d5 4. cxd5 Nxd5 5. Bg2 Bg7 6. Nf3 Nc6 7. Nc3 Nb6 8. e3 0-0 9. 0-0 e5 10. d5 Na5 11. e4 c6 12. Bg5 f6 13. Be3 cxd5 14. Bxb6 Qxb6 15. Nxd5 Qd8 16. Rc1 Nc6 17. Qb3 Rf7 18. Rfd1 Be6 19. Bf1 Qf8 20. Bb5 Rc8 21. Qa4 Bd7 22. Ne3 Kh8 23. Nc4 a6 24. Bxc6 Bxc6 25. Qb3 Rcc7 26. Nfd2 f5 27. Na5 Bxe4 28. Rxc7 Rxc7 29. Nxe4 fxe4 30. Nxb7 e3 31. fxe3 Qf3 32. Nd6 h6 33. Rf1 Qc6 34. Nf7+ Kh7 35. Nd8 Qe4 36. Re1 Rc2 37. Qb7 Qxb7 38. Nxb7 Rxb2 39. Nd6 Rxa2 40. Rb1 g5 41. Ne8 Bf8 42. Rb7+ Kg6 43. Rb6+ Kf7 44. Nd6+ Ke6 45. Nb5+ Kf5 46. Nc3 Bc5 47. Rxh6 Bxe3+ 48. Kh1 Ra1+ 49. Kg2 g4 50. h3 Bxh6 0-1

[Event "Bad Ragaz op 11th"]
[Site "Bad Ragaz"]
[Date "2016.03.25"]
[Round "3"]
[White "Tarlev, Konstantin"]
[Black "Bardone, Lorenzo"]
[Result "1-0"]
[WhiteElo "2580"]
[BlackElo "2168"]
[PlyCount "73"]
[EventDate "2016.03.24"]
[EventType "swiss"]
[EventRounds "7"]
[EventCountry "SUI"]
[SourceTitle "EXT 2018"]
[Source "ChessBase"]
[SourceDate "2017.10.13"]
[SourceVersion "1"]
[SourceVersionDate "2017.10.13"]
[SourceQuality "1"]

1. d4 Nf6 2. c4 g6 3. Nc3 d5 4. Nf3 Bg7 5. Bg5 Ne4 6. cxd5 Nxg5 7. Nxg5 e6 8. Nh3 exd5 9. Nf4 c6 10. e3 Qe7 11. Be2 0-0 12. 0-0 Bf5 13. Bd3 Bxd3 14. Nxd3 Nd7 15. b4 a6 16. Na4 f5 17. Nac5 Nb6 18. Re1 Nc4 19. Nb3 Rae8 20. Nd2 Nd6 21. Nf3 Nc4 22. a4 Ra8 23. b5 axb5 24. axb5 cxb5 25. Qb3 Ra3 26. Rxa3 Qxa3 27. Qb1 Ra8 28. h4 Bf8 29. Qxb5 Qxd3 30. Qxb7 Re8 31. Ng5 Re7 32. Qxd5+ Kh8 33. Ne6 Rxe6 34. Qxe6 Nd6 35. h5 Kg7 36. h6+ Kxh6 37. Qf6 1-0